| 000 | 00819nam a22002057a 4500 | ||
|---|---|---|---|
| 999 |
_c19751 _d19751 |
||
| 003 | AR-CdUCM | ||
| 008 | 190521b ||||| |||| 00| 0 spa d | ||
| 040 |
_aMUNICIPALIDAD PROVINCIAL DEL CUSCO _cBIBLIOTECA MUNICIPAL DEL CUSCO |
||
| 082 |
_a301.35 / _bK22 |
||
| 100 |
_aKapsoli Escudero, Wilfredo _91378 |
||
| 245 |
_aAyllus del sol : _banarquismo y utopía andina / |
||
| 260 |
_aLima : _bTarea, Asociación de Publicaciones Educativas, _c1984. |
||
| 300 |
_a295 páginas ; _bFotografías, _c21 cm. |
||
| 505 | _aContenido: El reino de los incas -- Los incas redentores -- Los profetas libertarios -- El movimiento tahuantinsuyo. | ||
| 650 |
_aMovimientos mesiánicos _941312 |
||
| 650 |
_aMovimientos campesinos _97308 |
||
| 650 |
_aAntropología social _938406 |
||
| 942 |
_2ddc _cLIBROS |
||
| 945 |
_adavv _d2019-05-21 |
||